IVE Songs by the English Lyrics - Statistics

General Stats
  • This quiz has been taken 502 times
  • The average score is 5 of 8
Answer Stats
Hint Answer % Correct
"Narcissistic, my God, I love it" Love Dive
87%
"This late night conversation" Off the Record
77%
"Nothing like the regulars" Baddie
74%
"You and I" After Like
71%
"Oh my, oh my God" Eleven
71%
"I been dreaming bout' this memory" All Night
59%
"It's okay to repeat/It's okay to dream" I Want
52%
"Oh what a good time" Kitsch
47%
No matching quizzes found
Score Distribution
Percent of People with Each Score
Percentile by Number Answered
Your Score History
You have not taken this quiz